[Event "GER-ch31 final email"]
[Site "GER email"]
[Date "2007.01.23"]
[Round "?"]
[White "Genzmann, Manfred"]
[Black "Frank, Heinrich"]
[Result "1/2-1/2"]
[WhiteElo "2267"]
[BlackElo "2155"]
[PlyCount "59"]
[EventDate "2007.??.??"]
[EventType "tourn (corr)"]
[EventRounds "12"]
[EventCountry "GER"]
[SourceTitle "Corr 2011"]
[Source "ChessBase"]
[SourceDate "2010.08.31"]
[SourceVersion "1"]
[SourceVersionDate "2010.08.31"]
[SourceQuality "1"]

1. d4 Nf6 2. c4 g6 3. Nc3 Bg7 4. e4 d6 5. Nf3 0-0 6. Be2 e5 7. Be3 exd4 8. Nxd4 c6 9. Qd2 Re8 10. f3 d5 11. exd5 cxd5 12. 0-0 a6 13. Rfe1 dxc4 14. Bxc4 Bd7 15. Qf2 Qc7 16. Bb3 Nc6 17. Rad1 Na5 18. Nd5 Nxd5 19. Bxd5 Nc6 20. Nb3 Be6 21. Bxe6 Rxe6 22. Nc5 Re7 23. Ne4 f5 24. Bb6 Qf4 25. g3 Qe5 26. Nd6 Qxb2 27. Rxe7 Qxf2+ 28. Kxf2 Nxe7 29. Nxb7 Rc8 30. Ke2 1/2-1/2

[Event "GER-ch31 final email"]
[Site "GER email"]
[Date "2007.01.23"]
[Round "?"]
[White "Lange, Lutz"]
[Black "Genzmann, Manfred"]
[Result "1/2-1/2"]
[WhiteElo "2318"]
[BlackElo "2267"]
[PlyCount "73"]
[EventDate "2007.??.??"]
[EventType "tourn (corr)"]
[EventRounds "12"]
[EventCountry "GER"]
[SourceTitle "Corr 2011"]
[Source "ChessBase"]
[SourceDate "2010.08.31"]
[SourceVersion "1"]
[SourceVersionDate "2010.08.31"]
[SourceQuality "1"]

1. d4 e6 2. c4 d5 3. Nc3 Nf6 4. Nf3 Be7 5. Bg5 h6 6. Bh4 0-0 7. e3 Ne4 8. Bxe7 Qxe7 9. Rc1 c6 10. Bd3 Nxc3 11. Rxc3 dxc4 12. Bxc4 Nd7 13. 0-0 b6 14. Bd3 c5 15. Be4 Rb8 16. Qa4 a5 17. Rfc1 e5 18. Re1 Bb7 19. Bxb7 Rxb7 20. Qc6 Rbb8 21. Qe4 Rfe8 22. dxe5 Nxe5 23. Nxe5 Qxe5 24. Qxe5 Rxe5 25. Rd1 Kf8 26. Kf1 b5 27. b3 c4 28. Rd4 cxb3 29. axb3 Re7 30. Ke2 Ra7 31. f4 Rbb7 32. g4 Ke7 33. h4 f6 34. Rc8 a4 35. bxa4 bxa4 36. Rg8 Kf7 37. Rdd8 1/2-1/2

[Event "GER-ch34 V06 email"]
[Site "GER email"]
[Date "2002.03.23"]
[Round "?"]
[White "Kmiecik, Klaus"]
[Black "Genzmann, Manfred"]
[Result "1/2-1/2"]
[WhiteElo "2173"]
[BlackElo "2319"]
[PlyCount "118"]
[EventDate "2002.??.??"]
[EventType "tourn (corr)"]
[EventRounds "10"]
[EventCountry "GER"]
[SourceTitle "Corr 2011"]
[Source "ChessBase"]
[SourceDate "2010.08.31"]
[SourceVersion "1"]
[SourceVersionDate "2010.08.31"]
[SourceQuality "1"]

1. d4 e6 2. Nf3 d5 3. Bg5 Nf6 4. e3 c5 5. c3 Nbd7 6. Nbd2 Bd6 7. Bd3 0-0 8. 0-0 h6 9. Bf4 Bxf4 10. exf4 Qc7 11. Ne5 Qb6 12. Qb3 Qxb3 13. axb3 cxd4 14. cxd4 Nb6 15. Rfc1 Ne8 16. h3 Nd6 17. Rc7 Rd8 18. Nf1 Bd7 19. Ne3 g6 20. g4 Rac8 21. Rxc8 Nbxc8 22. f5 g5 23. Rc1 Bb5 24. fxe6 fxe6 25. Bb1 Ne7 26. Rc7 Kf8 27. f4 Bc6 28. fxg5 hxg5 29. Bd3 Ra8 30. Nxc6 bxc6 31. Nc2 a5 32. Rd7 Nf7 33. Rb7 e5 34. dxe5 Nxe5 35. Bf5 c5 36. Rb5 Nxf5 37. gxf5 Nd3 38. Kf1 Re8 39. Rxa5 d4 40. Na3 Re1+ 41. Kg2 Ke7 42. Nc4 Kf6 43. Kf3 Kxf5 44. b4 Rc1 45. Nd6+ Ke6 46. Ne4 cxb4 47. Nxg5+ Kd6 48. Ne4+ Kc6 49. Ra6+ Kb5 50. Rd6 Nxb2 51. Rxd4 Nc4 52. Rd5+ Kb6 53. Nc5 Rc3+ 54. Nd3 b3 55. Kf4 Ne3 56. Rd7 Nc2 57. h4 Ne1 58. Nb2 Rc2 59. Nd1 Rh2 1/2-1/2

[Event "GER-ch34 V06 email"]
[Site "GER email"]
[Date "2002.03.23"]
[Round "?"]
[White "Loderbauer, Gerhard"]
[Black "Genzmann, Manfred"]
[Result "0-1"]
[WhiteElo "2023"]
[BlackElo "2319"]
[PlyCount "78"]
[EventDate "2002.??.??"]
[EventType "tourn (corr)"]
[EventRounds "10"]
[EventCountry "GER"]
[SourceTitle "Corr 2011"]
[Source "ChessBase"]
[SourceDate "2010.08.31"]
[SourceVersion "1"]
[SourceVersionDate "2010.08.31"]
[SourceQuality "1"]

1. d4 e6 2. c4 d5 3. Nc3 Nf6 4. cxd5 exd5 5. Bg5 c6 6. Qc2 Be7 7. e3 Nbd7 8. Bd3 0-0 9. Nge2 Re8 10. 0-0 Nf8 11. f3 Be6 12. Rad1 Ng6 13. Ng3 Rc8 14. Rde1 c5 15. f4 Nf8 16. Kh1 h6 17. Bh4 a6 18. Qd2 cxd4 19. exd4 Ne4 20. Ncxe4 Bxh4 21. Nc5 Rc7 22. f5 Bd7 23. Qf4 Rxe1 24. Rxe1 Bc6 25. b4 Nd7 26. Re2 Nb6 27. Qf3 Re7 28. Nh5 Rxe2 29. Qxe2 Nc4 30. g3 Bf6 31. Qf2 b6 32. Nb3 Qe7 33. Nxf6+ gxf6 34. Nd2 Qxb4 35. Nf3 Qa3 36. Ne1 Nb2 37. Bb1 Nd1 38. Qd2 Nc3 39. Bd3 Nxa2 0-1

[Event "GER-ch34 V10 email"]
[Site "GER email"]
[Date "2000.04.10"]
[Round "?"]
[White "Genzmann, Manfred"]
[Black "Traut, Thomas"]
[Result "1/2-1/2"]
[WhiteElo "2307"]
[BlackElo "2213"]
[PlyCount "57"]
[EventDate "2002.??.??"]
[EventType "tourn (corr)"]
[EventRounds "12"]
[EventCountry "GER"]
[SourceTitle "Corr 2011"]
[Source "ChessBase"]
[SourceDate "2010.08.31"]
[SourceVersion "1"]
[SourceVersionDate "2010.08.31"]
[SourceQuality "1"]

1. d4 Nf6 2. c4 g6 3. Nc3 Bg7 4. e4 d6 5. f3 0-0 6. Be3 c5 7. dxc5 dxc5 8. Bxc5 Nc6 9. Qxd8 Rxd8 10. Nd5 Nd7 11. Bxe7 Nxe7 12. Nxe7+ Kf8 13. Nd5 Bxb2 14. Rb1 Bg7 15. Nh3 Nc5 16. Nf2 b6 17. h4 h5 18. Be2 Ba6 19. g4 Rac8 20. gxh5 gxh5 21. Nd1 Bd4 22. Rh2 f5 23. exf5 Re8 24. Kf1 Re5 25. N1c3 Rxf5 26. Nb5 Bxb5 27. Rxb5 Ne4 28. Bd3 Rxf3+ 29. Ke2 1/2-1/2

[Event "GER-ch34 V10 email"]
[Site "GER email"]
[Date "2000.04.10"]
[Round "?"]
[White "Vorwerk, Horst"]
[Black "Genzmann, Manfred"]
[Result "0-1"]
[WhiteElo "2189"]
[BlackElo "2307"]
[PlyCount "100"]
[EventDate "2002.??.??"]
[EventType "tourn (corr)"]
[EventRounds "12"]
[EventCountry "GER"]
[SourceTitle "Corr 2011"]
[Source "ChessBase"]
[SourceDate "2010.08.31"]
[SourceVersion "1"]
[SourceVersionDate "2010.08.31"]
[SourceQuality "1"]

1. d4 e6 2. c4 d5 3. Nc3 Nf6 4. cxd5 exd5 5. Bg5 c6 6. e3 Be7 7. Qc2 h6 8. Bh4 0-0 9. Bd3 Re8 10. Nf3 Nbd7 11. 0-0 Nf8 12. Rac1 Bd6 13. Na4 Bg4 14. Nd2 Bh5 15. Nc5 Bxc5 16. Qxc5 Bg6 17. Bxg6 Nxg6 18. Bxf6 Qxf6 19. b4 a6 20. a4 Nh4 21. g3 Nf5 22. Nf3 Nd6 23. Ne5 h5 24. Qc2 h4 25. Qd3 a5 26. b5 cxb5 27. axb5 Rec8 28. Rc2 Rxc2 29. Qxc2 hxg3 30. hxg3 Nxb5 31. Qc5 Nd6 32. Nd7 Qe6 33. Nb6 Ne4 34. Qxd5 Qxd5 35. Nxd5 a4 36. Ra1 a3 37. g4 b5 38. f3 Nd2 39. Kf2 Nb3 40. Ra2 Nc1 41. Ra1 a2 42. Rxc1 a1Q 43. Rxa1 Rxa1 44. Ke2 f6 45. f4 Kf7 46. f5 Rg1 47. Kf3 Kf8 48. Kf4 Rb1 49. Ke4 Rb3 50. Kf3 Ke8 0-1

[Event "GER-ch30 final corr"]
[Site "GER corr"]
[Date "1999.11.29"]
[Round "?"]
[White "Hechler, Georg"]
[Black "Genzmann, Manfred"]
[Result "1/2-1/2"]
[WhiteElo "2422"]
[BlackElo "2307"]
[PlyCount "50"]
[EventDate "1999.11.29"]
[EventType "tourn (corr)"]
[EventRounds "14"]
[EventCountry "GER"]
[SourceTitle "Corr 2011"]
[Source "ChessBase"]
[SourceDate "2010.08.31"]
[SourceVersion "1"]
[SourceVersionDate "2010.08.31"]
[SourceQuality "1"]

1. d4 e6 2. c4 d5 3. Nc3 Nf6 4. cxd5 exd5 5. Bg5 c6 6. e3 Bf5 7. Qf3 Bg6 8. Bxf6 Qxf6 9. Qxf6 gxf6 10. h4 Nd7 11. h5 Bf5 12. Nf3 Rg8 13. Be2 h6 14. Nh4 Bh7 15. 0-0-0 f5 16. g3 Nf6 17. Bd3 Rg5 18. Ne2 Ne4 19. Nf3 Nxf2 20. Nxg5 hxg5 21. Rhf1 Nxd1 22. Kxd1 g4 23. Bxf5 Bxf5 24. Rxf5 Bh6 25. Kd2 Ke7 1/2-1/2

[Event "GER-ch30 final corr"]
[Site "GER corr"]
[Date "1999.11.29"]
[Round "?"]
[White "Nickel, Arno"]
[Black "Genzmann, Manfred"]
[Result "1-0"]
[WhiteElo "2358"]
[BlackElo "2307"]
[PlyCount "75"]
[EventDate "1999.11.29"]
[EventType "tourn (corr)"]
[EventRounds "14"]
[EventCountry "GER"]
[SourceTitle "Corr 2011"]
[Source "ChessBase"]
[SourceDate "2010.08.31"]
[SourceVersion "1"]
[SourceVersionDate "2010.08.31"]
[SourceQuality "1"]

1. e4 e6 2. Qe2 c5 3. g3 Nc6 4. c3 d5 5. d3 e5 6. Bg2 d4 7. Na3 Nf6 8. f4 Bd6 9. Nf3 Bg4 10. h3 Bxf3 11. Bxf3 a6 12. c4 Bc7 13. 0-0 Qe7 14. Bd2 h5 15. f5 h4 16. g4 Nh7 17. Nc2 Ba5 18. Bc1 0-0-0 19. a3 Rd7 20. Rb1 Kb8 21. Qd1 Rhd8 22. b4 cxb4 23. axb4 Bxb4 24. Nxb4 Nxb4 25. Ba3 a5 26. Qa4 b6 27. Bxb4 axb4 28. Rxb4 Rb7 29. Rfb1 Qd6 30. Qa6 b5 31. Qa5 Qc7 32. Qa2 Rd6 33. cxb5 Ra7 34. Qb3 Qb6 35. Rc4 Ng5 36. Bg2 Rc7 37. Ra1 Ra7 38. Rac1 1-0